Proceedings of the 15th International Software Product Line Conference, Volume 2
| Titel: | Proceedings of the 15th International Software Product Line Conference, Volume 2 |
|---|---|
| Verfasser: | |
| Veröffentlicht: | New York, NY : ACM, 2011 |
| Umfang: | 1 Online-Ressource (306 pages) |
| Format: | E-Book |
| Sprache: | Englisch |
| ISBN: | 9781450307895 |
alg: 40468146 001A $06055:26-06-17 001B $01999:20-03-26 $t22:22:22.000 001D $06055:26-06-17 001U $0utf8 001X $00 002@ $0Oax 002C $aText $btxt $2rdacontent 002D $aComputermedien $bc $2rdamedia 002E $aOnline-Ressource $bcr $2rdacarrier 003@ $0404681468 004A $A978-1-4503-0789-5 007A $0404681468 $aHEB 007I $0ACM-2019136 009Q $S0 $uhttp://portal.acm.org/toc.cfm?id=2019136 $xH 010@ $aeng 011@ $a2011 013D $RWissenschaftliche Literatur $RAufsatzsammlung $#Konferenzbericht $71071861417 $8Konferenzschrift [Tsz] $9359646190 017B $aZDB-15-ACM 021A $aProceedings of the 15th International Software Product Line Conference, Volume 2 027A $aSPLC '11 028A $BVerfasser $#Schaefer, I. $4aut $D20220215 $Ecgwrk $7137483821 $8Schaefer, Ina$Z1977- [Tp1] $920973924X 033A $pNew York, NY $nACM 033E $pNew York, NY $nACM 034D $a1 Online-Ressource (306 pages) 044A $aComputer science $N650 045E $c004 lok: 40468146 3 101B $029-06-17 $t15:34:38.000 101C $029-06-17 101U $0utf8 145S/01 $a013 exp: 40468146 3 1 #EPN 201B/01 $020-03-26 $t22:22:22.015 201U/01 $0utf8 203@/01 $01002468531 208@/01 $a26-06-17 $bl 209B/01 $a502 $x05 209S/01 $S0 $uhttp://portal.acm.org/toc.cfm?id=2019136 $XH lok: 40468146 5 exp: 40468146 5 1 #EPN 201B/01 $020-03-26 $t22:22:22.019 201U/01 $0utf8 203@/01 $0100246854X 208@/01 $a26-06-17 $bl 209S/01 $S0 $uhttp://portal.acm.org/toc.cfm?id=2019136 $XH lok: 40468146 8 exp: 40468146 8 1 #EPN 201B/01 $020-03-26 $t22:22:22.025 201U/01 $0utf8 203@/01 $01002468558 208@/01 $a26-06-17 $bl 209S/01 $S0 $uhttp://portal.acm.org/toc.cfm?id=2019136 $XH lok: 40468146 10 exp: 40468146 10 1 #EPN 201B/01 $020-03-26 $t22:22:22.028 201U/01 $0utf8 203@/01 $01002468566 208@/01 $a26-06-17 $bl 209S/01 $S0 $uhttp://portal.acm.org/toc.cfm?id=2019136 $XH lok: 40468146 11 exp: 40468146 11 1 #EPN 201B/01 $020-03-26 $t22:22:22.031 201U/01 $0utf8 203@/01 $01002468574 208@/01 $a26-06-17 $bl 209S/01 $S0 $uhttp://portal.acm.org/toc.cfm?id=2019136 $XH lok: 40468146 20 exp: 40468146 20 1 #EPN 201B/01 $020-03-26 $t22:22:22.034 201U/01 $0utf8 203@/01 $01002468582 208@/01 $a26-06-17 $bl 209S/01 $S0 $uhttp://portal.acm.org/toc.cfm?id=2019136 $XH lok: 40468146 21 exp: 40468146 21 1 #EPN 201B/01 $020-03-26 $t22:22:22.037 201U/01 $0utf8 203@/01 $01002468590 208@/01 $a26-06-17 $bl 209S/01 $S0 $uhttp://portal.acm.org/toc.cfm?id=2019136 $XH lok: 40468146 23 exp: 40468146 23 1 #EPN 201B/01 $020-03-26 $t22:22:22.040 201U/01 $0utf8 203@/01 $01002468604 208@/01 $a26-06-17 $bl 209S/01 $S0 $uhttp://portal.acm.org/toc.cfm?id=2019136 $XH lok: 40468146 25 exp: 40468146 25 1 #EPN 201B/01 $020-03-26 $t22:22:22.043 201U/01 $0utf8 203@/01 $01002468612 208@/01 $a26-06-17 $bl 209S/01 $S0 $uhttp://portal.acm.org/toc.cfm?id=2019136 $XH lok: 40468146 36 exp: 40468146 36 1 #EPN 201B/01 $020-03-26 $t22:22:22.049 201C/01 $020-03-26 201U/01 $0utf8 203@/01 $01337801216 208@/01 $a20-03-26 $bl 209S/01 $S0 $uhttp://portal.acm.org/toc.cfm?id=2019136 $XH lok: 40468146 108 exp: 40468146 108 1 #EPN 201B/01 $020-03-26 $t22:22:22.052 201C/01 $020-03-26 201U/01 $0utf8 203@/01 $01337801224 208@/01 $a20-03-26 $bl 209S/01 $S0 $uhttp://portal.acm.org/toc.cfm?id=2019136 $XH lok: 40468146 204 exp: 40468146 204 1 #EPN 201B/01 $020-03-26 $t22:22:22.054 201C/01 $020-03-26 201U/01 $0utf8 203@/01 $01337801232 208@/01 $a20-03-26 $bl 209S/01 $S0 $uhttp://portal.acm.org/toc.cfm?id=2019136 $XH lok: 40468146 205 exp: 40468146 205 1 #EPN 201B/01 $020-03-26 $t22:22:22.046 201U/01 $0utf8 203@/01 $01002468639 208@/01 $a26-06-17 $bl 209S/01 $S0 $uhttp://portal.acm.org/toc.cfm?id=2019136 $XH
| LEADER | 00000cam a22000002c 4500 | ||
|---|---|---|---|
| 001 | 404681468 | ||
| 003 | DE-603 | ||
| 005 | 20260320222222.0 | ||
| 007 | cr|||||||||||| | ||
| 008 | 170626s2011 xx |||| o| u10||u|eng c | ||
| 020 | |a 9781450307895 | ||
| 035 | |a (DE-599)HEB404681468 | ||
| 040 | |a DE-603 |b ger |c DE-603 |d DE-603 | ||
| 041 | |a eng | ||
| 084 | |a 004 |q DE-101 |2 sdnb | ||
| 100 | 1 | |a Schaefer, Ina |d 1977- |e Verfasser |4 aut |0 (DE-603)20973924X |0 (DE-588)137483821 |2 gnd | |
| 245 | 0 | 0 | |a Proceedings of the 15th International Software Product Line Conference, Volume 2 |
| 246 | 1 | 3 | |a SPLC '11 |
| 264 | 1 | |a New York, NY |b ACM |c 2011 | |
| 264 | 2 | |a New York, NY |b ACM | |
| 300 | |a 1 Online-Ressource (306 pages) | ||
| 336 | |a Text |b txt |2 rdacontent | ||
| 337 | |a Computermedien |b c |2 rdamedia | ||
| 338 | |a Online-Ressource |b cr |2 rdacarrier | ||
| 655 | 7 | |a Konferenzschrift |2 gnd-content |0 (DE-588)1071861417 |0 (DE-603)359646190 | |
| 856 | |u http://portal.acm.org/toc.cfm?id=2019136 |x Verlag |z kostenfrei | ||
| 912 | |a ZDB-15-ACM | ||
| 924 | 1 | |9 603 |a (DE-603)1002468531 |b DE-603 |c HES |d d | |
| 924 | 1 | |9 603 |a (DE-603)100246854X |b DE-603 |c HES |d d | |
| 924 | 1 | |9 603 |a (DE-603)1002468558 |b DE-603 |c HES |d d | |
| 924 | 1 | |9 603 |a (DE-603)1002468566 |b DE-603 |c HES |d d | |
| 924 | 1 | |9 603 |a (DE-603)1002468574 |b DE-603 |c HES |d d | |
| 924 | 1 | |9 603 |a (DE-603)1002468582 |b DE-603 |c HES |d d | |
| 924 | 1 | |9 603 |a (DE-603)1002468590 |b DE-603 |c HES |d d | |
| 924 | 1 | |9 603 |a (DE-603)1002468604 |b DE-603 |c HES |d d | |
| 924 | 1 | |9 603 |a (DE-603)1002468612 |b DE-603 |c HES |d d | |
| 924 | 1 | |9 603 |a (DE-603)1337801216 |b DE-603 |c HES |d d | |
| 924 | 1 | |9 603 |a (DE-603)1337801224 |b DE-603 |c HES |d d | |
| 924 | 1 | |9 603 |a (DE-603)1337801232 |b DE-603 |c HES |d d | |
| 924 | 1 | |9 603 |a (DE-603)1002468639 |b DE-603 |c HES |d d | |